Clifford the big red dog tummy trouble / (Record no. 5113)

MARC details
000 -LEADER
fixed length control field 01044nam a22003017a 4500
001 - CONTROL NUMBER
control field 5113
003 - CONTROL NUMBER IDENTIFIER
control field FISKH
005 - DATE AND TIME OF LATEST TRANSACTION
control field 20241106150749.0
008 - FIXED-LENGTH DATA ELEMENTS--GENERAL INFORMATION
fixed length control field 241106b cb ||||| |||| 00| 0 eng d
020 ## - INTERNATIONAL STANDARD BOOK NUMBER
International Standard Book Number 9780439213585
040 ## - CATALOGING SOURCE
Original cataloging agency FISKH
Language of cataloging eng
Transcribing agency FISKH
Modifying agency FISKH
050 ## - LIBRARY OF CONGRESS CALL NUMBER
Classification number PZ7.P1415
082 ## - DEWEY DECIMAL CLASSIFICATION NUMBER
Classification number 457
100 ## - MAIN ENTRY--PERSONAL NAME
Personal name Page, Josephine
Dates associated with a name (1905-)
245 ## - TITLE STATEMENT
Title Clifford the big red dog tummy trouble /
Statement of responsibility, etc. Adapted by Josephine Page Illustrated by Ken Edwards Based on the Scholastic book series " Clifford The Big Red Dog" by Norman Bridwell
250 ## - EDITION STATEMENT
Edition statement First printing in 2000
260 ## - PUBLICATION, DISTRIBUTION, ETC.
Place of publication, distribution, etc. New York :
Name of publisher, distributor, etc. Scholastic,
Date of publication, distribution, etc. 2000.
300 ## - PHYSICAL DESCRIPTION
Extent 31 pages :
Other physical details Color illustrations ;
Dimensions 23 cm
505 ## - FORMATTED CONTENTS NOTE
Formatted contents note G<br/>
520 ## - SUMMARY, ETC.
Summary, etc. When Clifford, T-Bone and Cleo reward each other for doing tricks, they find out that too many treats are bad for the tummy.
521 8# - TARGET AUDIENCE NOTE
Target audience note 380L<br/>
Source Lexile<br/>
521 8# - TARGET AUDIENCE NOTE
Target audience note G<br/>
Source Raz-Plus<br/>
650 ## - SUBJECT ADDED ENTRY--TOPICAL TERM
Source of heading or term Dogs
Topical term or geographic name entry element Pets
650 ## - SUBJECT ADDED ENTRY--TOPICAL TERM
Source of heading or term Fiction
Topical term or geographic name entry element Cliffordv
700 ## - ADDED ENTRY--PERSONAL NAME
Personal name Edwards, Ken
Dates associated with a name Illustrator
942 ## - ADDED ENTRY ELEMENTS (KOHA)
Source of classification or shelving scheme Dewey Decimal Classification
Koha item type Books
Suppress in OPAC No
Holdings
Withdrawn status Lost status Source of classification or shelving scheme Damaged status Not for loan Collection Home library Current library Shelving location Date acquired Total Checkouts Full call number Barcode Date last seen Date last checked out Copy number Price effective from Koha item type
    Dewey Decimal Classification     Fiction Footprints International School Library Network Toul Kork Campus Footprints International School Library Network Toul Kork Campus TK Primary Library Room(4th Floor), Bookcase 1&2, Shelves 1-16, Dark Blue Books 11/06/2024 1 PAG 457 PZ7.P1415 2024-2294 03/05/2025 02/26/2025 1 11/06/2024 Books